Block Tales - Enemies - Statistics

General Stats
  • This quiz has been taken 107 times
  • The average score is 29 of 66
Answer Stats
Answer % Correct
Cruel King
84%
Griefer
80%
HATRED
76%
Fear
74%
Noobador
72%
Greed
70%
Nooblet
70%
Blue Noob
68%
Gorilla
68%
Red Noob
68%
Solitude
64%
Bubonic Plant
62%
Komodo Dragon
60%
Sentient Statue
58%
Winged Nooblet
58%
Bigfoot
56%
Sharp Nooblet
54%
Supreme Ant
54%
Banished Knight
52%
Cultist Noob
52%
Helmet Noob
52%
Zombie
52%
Green Noob
48%
Purple Noob
48%
Tutorial Terry
48%
F'Ella
46%
Slasher
46%
Ant Army
44%
Loyal Knight
44%
Turkey
44%
Cheeky Eagle
42%
Hungry Wolf
42%
VLAD
42%
Snory Bear
40%
Supreme Mosquito
40%
Bandit
38%
Mold Man
38%
Winged Zombie
38%
Apparition
36%
Spiky Killbot
36%
Big Bandit
34%
Flying Mantis
34%
Knightly Noob
34%
Sharp Zombie
34%
Skeleton
34%
Toxic Dartman
34%
Toxic Spearman
34%
Bee Happy
32%
Confident Boulder
32%
Ghost of HAX
32%
Helmet Bandit
32%
Phobia
32%
Tree Golem
32%
Borange Boy
30%
Crossbow Crony
30%
Devious Rat
30%
Gaur
30%
Mosquito Swarm
30%
Smugupine
30%
Hedgehog
28%
Your Bombing Pal
28%
Squatter
26%
Purple Frog
24%
Venom Wizard
24%
Shedletsky
22%
Smiling Bear
22%
No matching quizzes found
Score Distribution
Percent of People with Each Score
Percentile by Number Answered
Your Score History
You have not taken this quiz